000 00553nam a2200229Ia 4500
003 OSt
005 20220928110448.0
006 a|||||r|||| 00| 0
007 ta
008 220927b |||||||| |||| 00| 0 eng d
024 _a132237
037 _cTextual
040 _aSDCL
_cSDCL
_beng
041 _2eng
_aeng
082 _aQ2:4x, F9
245 0 _aSMRITEENAAM SAMUCHCHAYAH.
260 _c1929
300 _a484p.
_ccm.
490 _aAnandashram Sanskrit Granthawali 48
942 _hQ2:4x, F9
_cTEXL
_2CC
999 _c735765
_d735765